Proverbes français - Statistiques

Statistiques générales
  • Ce quiz a été pris 451 fois
  • Le résultat moyen est 14 sur 20
Statistiques - réponses
Question Réponse % Correct
L'habit ne fait pas ... ...Le moine
100%
Jamais deux sans ... ...Trois
99%
Rira bien qui rira le ... ...Dernier
95%
Rome ne s'est pas faite en ... ...Un jour
95%
On ne change pas une équipe qui ... ...Gagne
93%
Mains froides... ...Cœur chaud
90%
Cela parait comme le nez au milieu de ... ... Figure
83%
Noblesse ... ...Oblige
83%
Ce n'est pas tous les jours ... ...Dimanche
80%
Noël au balcon, ... ... Pâques au tison
75%
Mieux vaut donner que ... ...Recevoir
74%
Nécessité fait... ...Loi
70%
Ne croit nul s'il n'est ton ... ...Ami
61%
A bon chat, ... ...Bon rat
57%
La faim chasse le loup ... ...Hors du bois
53%
Neige qui tombe engraisse ... ...La terre
51%
Sac vide ... ...Ne tiens pas debout
49%
Tant va la cruche à l'eau qu'à la fin elle ... ...Se casse
39%
Neige de février vaut ... ...Fumier
35%
Si le chameau pouvait voir sa bosse, ... ... il tomberait de honte
23%
Aucun quiz correspondant
Distribution des résultats
% des personnes avec chaque résultat
Percentile par nombre de réponses
Votre historique - résultats
Vous n’avez pas pris ce quiz